| 000 | 01083cam a22002653a 4500 | ||
|---|---|---|---|
| 001 | 19074 | ||
| 003 | PGUSA | ||
| 005 | 20140828083414.0 | ||
| 008 | 060818s2006||||xxu|||||s|||||000 | eng d | ||
| 040 |
_aPGUSA _beng |
||
| 042 | _adc | ||
| 050 | 4 | _aD501 | |
| 100 | 1 |
_aPowell, E. Alexander _q(Edward Alexander), _d1879-1957 |
|
| 245 | 1 | 0 |
_aItaly at War and the Allies in the West _h[electronic resource] / _cE. Alexander Powell |
| 260 |
_bProject Gutenberg, _c2006 |
||
| 505 | 0 | _aThe way to the war -- Why Italy went to war -- Fighting on the roof of Europe -- The road to Trieste -- With the Russians in Champagne -- "They shall not pass!" -- "That contemptible little army" -- With the Belgians on the Yser. | |
| 506 | _aPublic domain in the USA. | ||
| 516 | _aElectronic text | ||
| 653 | _aWorld War, 1914-1918 -- Personal narratives | ||
| 653 | _aWorld War, 1914-1918 -- Campaigns -- Western Front | ||
| 653 | _aWorld War, 1914-1918 -- Campaigns -- Italo-Austrian | ||
| 830 | 0 |
_aProject Gutenberg _v19074 |
|
| 856 | 4 | 0 | _uhttp://www.gutenberg.org/ebooks/19074 |
| 942 | _cEB | ||
| 999 |
_c248329 _d248329 |
||